One home under God. (Record no. 13244)

000 -LEADER
fixed length control field 00535nam a2200181 a 4500
001 - CONTROL NUMBER
control field :::00011062$&:&@@
003 - CONTROL NUMBER IDENTIFIER
control field OkBaRHE
005 - DATE AND TIME OF LATEST TRANSACTION
control field 20000607103405.0
008 - FIXED-LENGTH DATA ELEMENTS--GENERAL INFORMATION
fixed length control field s1974 j 000 0 eng u
040 ## - CATALOGING SOURCE
Transcribing agency
100 1# - MAIN ENTRY--PERSONAL NAME
Personal name Taylor, Jack R.
245 10 - TITLE STATEMENT
Title One home under God.
260 ## - PUBLICATION, DISTRIBUTION, ETC. (IMPRINT)
Place of publication, distribution, etc Nashville, TN., :
Name of publisher, distributor, etc Broadman Press
Date of publication, distribution, etc c1974
300 ## - PHYSICAL DESCRIPTION
Extent 157 p. ;
Dimensions 21 cm.
650 ## - SUBJECT ADDED ENTRY--TOPICAL TERM
Topical term or geographic name as entry element Family
General subdivision Religious Life
942 ## - ADDED ENTRY ELEMENTS (KOHA)
Source of classification or shelving scheme
Koha item type Books
Copies
Shelving location Withdrawn status Koha item type Barcode Lost status Not for loan Copy number Damaged status Date acquired Source of classification or shelving scheme Permanent Location Date last seen Price effective from Full call number
General Stacks Books11062  1 2010-04-14 RHEMA Bible Training College2010-04-142010-04-14BV 4526.2 .T36